000 01742nam a2200553 i 4500
001 55384
003 KOSZ 005
005 20220615095716.0
008 080825s2008 pl a |001 0 pol
015 _aUWD 2008/22082
020 _a9788301154776
035 _a991044088409705066
035 _a(PL-WaBN)b21953867-48omnis_nlop
035 _ab21953867
035 _a(OCoLC)749999043
035 _axx001135125
035 _a(PL)b0000002195386
035 _a(EXLNZ-48OMNIS_NETWORK)9910455171405606
040 _aWA N
_cWA N
_dKOSZ 005/HR
041 1 _apol
_heng
046 _k2008
080 _a547
080 _a543
080 _a577.11/.12
080 _a(075.8)
100 1 _aDoonan, Shawn
_eAutor
245 1 0 _aBiałka i peptydy /
_cShawn Doonan ; z jęz. ang. tł. Zbigniew Zawadzki.
246 1 _iTyt. oryg.:
_aPeptides and proteins,
_f2002
260 _aWarszawa :
_bWydawnictwo Naukowe PWN,
_c2008.
300 _aVIII, 188 s. :
_bil. (w tym kolor.) ;
_c24 cm.
336 _aTekst
_btxt
_2rdacontent
337 _aBez urządzenia pośredniczącego
_bn
_2rdamedia
338 _aWolumin
_bnc
_2rdacarrier
380 _aKsiążki
388 _a2001-
490 1 _aNiezbędnik Chemika
504 _aIndeks.
650 7 _aBiałka
_2DBN
650 7 _aPeptydy
_2DBN
650 7 _aBiochemia
655 7 _aPodręczniki akademickie
_2DBN
658 _aChemia
700 1 _aZawadzki, Zbigniew
_d(1951- )
_eTłumaczenie
710 2 _aWydawnictwo Naukowe PWN
_4pbl
830 0 _aNiezbędnik Chemika
856 _uhttp://koha.tu.koszalin.pl/cgi-bin/koha/opac-detail.pl?biblionumber=55384
_yKatalog online BPK
942 _2UKD
_cKS
999 _c55384
_d55384